LDR 00997naa#a2200289#i#450# 001 EN\\bibl\119785 005 20260630034945.2 011 ## _a2077-7566 100 ## _a20260629b2026####ek#y0engy0150####ca 101 0# _aRUS 102 ## _aRU 200 1# _aON THE ISSUE OF COMPLICATIONS OF DENTAL IMPLANTATION _eJournal article 210 1# _aEkaterinburg _cTIRAZH Publishing House _d2026 215 ## _a12 с. 608 ## _aJournal article _2local 675 ## _aСтоматология. Заболевания ротовой полости и зубов. 616.31 _zRUS 686 ## _aКлиническая медицина. 76.29 _2grnti 700 #1 _aMokrenko _gEvgeniy Vladimirovich 700 #1 _aGalonsky _gVladislav G. 700 #1 _aMakarchuk _gTikhon M. 700 #1 _aAleshkin _gIgor G. 700 #1 _aPeretolchin _gNikita O. 700 #1 _aBesschastnyy _gDenis S. 700 #1 _aGazinskiy _gVladimir Vladimirovich 700 #1 _aNikitin _gOleg N. 700 #1 _aMakarova _gPolina Anatol'evna 856 4# _adental-press.ru _u